00518nam a2200157Ia 4500008004100000082001900041100002100060245004500081250001500126260003400141300001100175500004500186650001900231952009300250999001700343120622s9999 xx 000 0 und d a570 L729b 1967 aLille, José de aBiología general / por José de Lille a13 / corr. aMéxico : ECLALSA : Porrúa a458 p. aIncluye índice alfabético y glosario a1. BIOLOGIAÌ 00104070a22b22d2007-01-25l0o570 L729B 1967p01 003792r2012-06-24w2012-06-24yLB c58074d58074